00334pab a2200133 454500008004000000100001500040245006300055260000900118300001200127362001100139650001500150650002000165773001500185180718b2015 xxu||||| |||| 00| 0 eng d aArun Kumar aDecisions can be honest or dishonest, correct or incorrect c2015 ap.33-35 a23 May aCorruption aDecision making aMainstream